000 00296nam a22001337a 4500
008 171201b xxu||||| |||| 00| 0 eng d
020 _a9781457638930
041 _aeng
080 _a37
100 _a46
101 _aEDU
245 _aEVERYTHING'S AN ARGUMENT
_cLUNSFORD,A.A
942 _2udc
_cBK
999 _c38659
_d38659